ბათუმის შოთა რუსთაველის სახელმწიფო უნივერსიტეტის ბიბლიოთეკა

ომი და შეიარაღება იბერია-კოლხეთში / (ბიბ.ჩანაწერი № 40532)

000 -ლიდერი
ფიქსირებული სიგრძის საკონტროლო ველი 01165nam a2200241Ia 4500
001 - საკონტროლო ნომერი
საკონტროლო ველი 7143
003 - საკონტროლო ნომრის იდენტიფიკატორი
საკონტროლო ველი GE_BSU
005 - ბოლო ოპერაციის თარიღი და დრო
საკონტროლო ველი 20231024160111.0
008 - ფიქსირებული სიგრძის მონაცემთა ელემენტები - ზოგადი ინფორმაცია
ფიქსირებული სიგრძის საკონტროლო ველი 181216s2010||||ge |||||||||||||| ||geo||
020 ## - წიგნის საერთაშორისო სტანდარტული ნომერი
International Standard Book Number 9789941152429
040 ## - კატალოგიზაციის წყარო
Transcribing agency GE_BSU
041 ## - ენის კოდი
Language code of text/sound track or separate title geo
080 ## - უნივერსალური ათობითი კლასიფიკაციის ინდექსი
Universal Decimal Classification number 94(479.22)''/05''+355.48(479.22) გ-19
100 ## - მთავარი ჩანაწერი - პიროვნების სახელი
Personal name გამყრელიძე, გელა
9 (RLIN) 20220
245 ## - ცნობა სათაურის შესახებ
Title ომი და შეიარაღება იბერია-კოლხეთში /
Statement of responsibility, etc გელა გამყრელიძე ; [რედ. თამაზ ბერაძე ; მხატვ.-არქიტექტ. : ინ. ესვანჯია, ლ. ფავლენიშვილი, ელ. სახვაძე].
250 ## - გამოცემის ცნობა
Edition statement 1-ლი გამოცემა
264 ## - წარმოების, გამოცემის, დისტრიბუციის და სხვა ცნობები
გამოცემის, წარმოების, დისტრიბუციის... ადგილი თბილისი :
გამოცემის, წარმოების, დისტრიბუციის... სახელწოდება ბაკურ სულაკაურის გამ-ბა,
გამოცემის, წარმოების, დისტრიბუციის... თარიღი 2010.
300 ## - ფიზიკური აღწერა
Extent 214 გვ. :
Other physical details ნახ. ;
Dimensions 20 სმ.
504 ## - BIBLIOGRAPHY, ETC. NOTE
Bibliography, etc ბიბლიოგრ. გვ. :196-205
653 ## - INDEX TERM--UNCONTROLLED
Uncontrolled term ომი და შეიარაღება იბერია-კოლხეთში
942 ## - ADDED ENTRY ELEMENTS (KOHA)
Koha item type წიგნი
Source of classification or shelving scheme
ეგზემპლარები
ჩამოწერის სტატუსი დაკარგული ეგზემპლარის სტატუსი კლასიფიკაციის წყარო ან თაროზე გაწყობის სქემა დაზიანების სტატუსი არ გაიცემა მუდმივი მდებარეობა (დაცვის ადგილი) ამჟამინდელი ადგილსამყოფელი თაროზე განთავსების ადგილი შეძენის თარიღი ღირებულება, შესყიდვის ნორმალური ფასი სრული შენახვის შიფრი შტრიხკოდი ბოლო ოპერაციის თარიღი ეგზემპლარის მიმდევრობითი ნომერი (კეტერი?) ფასის ძალაში შესვლის თარიღი ეგზემპლარის სახეობა საჯარო შენიშვნა
          ბათუმის შოთა რუსთაველის სახელმწიფო უნივერსიტეტის მთავარი ბიბლიოთეკა ბათუმის შოთა რუსთაველის სახელმწიფო უნივერსიტეტის მთავარი ბიბლიოთეკა წიგნსაცავი 2018-12-17 20.00 94(479.22)''/05''+355.48(479.22) გ-19 22936 2018-12-17 22936 2018-12-17 წიგნი 20.00 ₾.
          ბათუმის შოთა რუსთაველის სახელმწიფო უნივერსიტეტის მთავარი ბიბლიოთეკა ბათუმის შოთა რუსთაველის სახელმწიფო უნივერსიტეტის მთავარი ბიბლიოთეკა წიგნსაცავი 2018-12-17 20.00 94(479.22)''/05''+355.48(479.22) გ-19 22937 2018-12-17 22937 2018-12-17 წიგნი 20.00 ₾.